Search the Library Catalogue
| 000 -LEADER | |
|---|---|
| fixed length control field | 00756nam a2200241Ia 4500 |
| 008 - FIXED-LENGTH DATA ELEMENTS--GENERAL INFORMATION | |
| fixed length control field | 191130s2005##################000#0#eng## |
| 020 ## - INTERNATIONAL STANDARD BOOK NUMBER | |
| ISBN | 9780131850514 |
| 082 ## - DEWEY DECIMAL CLASSIFICATION NUMBER | |
| Classification number | 301 WAL |
| 100 ## - MAIN ENTRY--AUTHOR NAME | |
| Personal name | Wallace, Ruth A |
| 245 ## - TITLE STATEMENT | |
| Title | Contemporary sociological theory : expanding the classical tradition |
| Statement of responsibility, etc | Ruth A. Wallace, Alison Wolf |
| 250 ## - EDITION STATEMENT | |
| Edition statement | 6th ed |
| 260 ## - PUBLICATION, DISTRIBUTION, ETC. (IMPRINT) | |
| Place of publication | Upper Saddle River, N.J |
| Name of publisher | Prentice Hall |
| Year of publication | c2005 |
| 300 ## - PHYSICAL DESCRIPTION | |
| Number of Pages | xiii, 466 p. : ill. ; 23 cm |
| 500 ## - GENERAL NOTE | |
| General note | Includes bibliographical references (p. 438-446) and index |
| 650 ## - SUBJECT ADDED ENTRY--TOPICAL TERM | |
| Topical Term | Sociology |
| Topical Term | Sociology - Philosophy |
| 700 ## - ADDED ENTRY--PERSONAL NAME | |
| Personal name | Wolf, Alison |
| 991 ## - | |
| -- | 220304 |
| Withdrawn status | Lost status | Damaged status | Not for loan | Home library | Current library | Shelving location | Date acquired | Full call number | Accession Number | Price effective from | Koha item type |
|---|---|---|---|---|---|---|---|---|---|---|---|
| Anna Centenary Library | Anna Centenary Library | 3RD FLOOR, B WING | 12.10.2020 | 301 WAL | 296211 | 12.10.2020 | English Books |